000 00721nam a2200217Ia 4500
005 20250508151700.0
008 008 250505s9999 xx 000 0 eng d
037 _aTextual
040 _aFEDL
_beng
_cFEDL
041 _aeng
_2eng
084 _a016.37078, CEN
_qFEDL
245 0 _aStudies in education and psychoology: Summaries of Reports
245 0 _cCentral Institute of Education
260 _aDelhi, India
_bCentral Institute of Education
_c1953
300 _a80p.
365 _aINR
_b2.32
546 _aSubmitted by the students for the degree of master of education 1951-52
650 _aEducation-Bibliographies
_9759735
942 _cTEXL
_h016.37078, CEN
999 _c1331415
_d1331415